000
00241nam a22000857a 4500
040
_c
SCME
100
_a
Han Gang
_9
86520
245
_a
Read china how china’s development shapes Chinese people’s lives in the changing world
942
_2
ddc
_c
BK
999
_c
589567
_d
589567